2025 NCAA Football Top 25 Teams - Statistics

General Stats
  • This quiz has been taken 124 times
    33 since last reset
  • The average score is 37 of 50
Answer Stats
Week(s) High Low Team % Correct
16 1 3 Ohio State
100%
15 1 - Texas
100%
16 1 23 Indiana
97%
16 3 12 Georgia
93%
16 2 9 Oregon
93%
16 4 24 Texas Tech
93%
16 4 21 Alabama
90%
2 13 - Florida
90%
16 3 19 Texas A&M
90%
16 2 18 Miami
86%
16 6 24 Notre Dame
86%
6 2 - Penn State
86%
10 16 - USC
86%
9 3 - LSU
83%
16 5 18 Oklahoma
83%
16 4 21 Ole Miss
83%
12 7 - BYU
79%
4 20 - Iowa
79%
15 14 - Michigan
79%
4 20 - Tulane
79%
3 4 - Clemson
76%
6 7 - Florida State
76%
14 11 - Tennessee
76%
7 12 - Utah
76%
4 16 - Utah
76%
1 23 - Washington
76%
13 7 - Georgia Tech
72%
9 9 - Illinois
72%
1 17 - Kansas State
72%
3 10 - South Carolina
72%
13 9 - Vanderbilt
72%
1 25 - Boise State
69%
2 24 - James Madison
69%
2 22 - Auburn
66%
1 25 - Nebraska
66%
11 14 - Virginia
66%
3 17 - Arizona
62%
7 12 - Iowa State
62%
3 16 - SMU
62%
4 18 - South Florida
62%
1 24 - USF
62%
7 11 - Arizona State
59%
4 21 - Houston
59%
3 22 - Pittsburgh
59%
2 24 - North Texas
55%
1 24 - TCU
55%
4 17 - Cincinnati
48%
3 25 - Memphis
48%
4 15 - Louisville
45%
10 14 - Missouri
45%
No matching quizzes found
Score Distribution
Percent of People with Each Score
Percentile by Number Answered
Your Score History
You have not taken this quiz since the last reset